=LDR 00000nam 2200000 4500 =001 NUTBA000000000006138 =005 20141124070242.0 =006 =007 =008 =020 ##$$a 979-3711-40-X =035 ##$$a 0010-111400000000617 =040 ##$$a NBPDMAT =082 ##$$a 597.092 =090 ##$$a 597.092 $b Dad m =100 ##$$a Dadan Ahmad S =245 ##$$a Mengenal ikan laut / $c Dadan Ahmad S dan Rina Fitriana ; penyunting , Rikkey Firmansyah =260 ##$$a Bandung : $b Nuansa Citra Grafika, $c 2007 =300 ##$$a iv, 84 hlm. : $b ilus. ; $c 20 cm. =500 ##$$a Bibliografi : hlm. 84 =650 ##$$a Ikan laut =700 ##$$a Rikky Firmansyah =850 ##$$a NBPDMAT